02897nam a2200277 i 4500003000500000005001700005008004100022040002700063100003500090245017900125260007200304300001700376336002100393337002500414338002300439502010000462504004200562520174100604700004302345700003602388700003302424720004602457720004102503720003702544720003802581CSPC20260303105343.0260303s2025 ph a b 000 0 eng d aCSPCbeng cCSPCerda 1 aMerilles, Mario O., eauthor. 10aEvaluating administrative delivery of service through customer satisfaction survey / cMario O. Merilles, Kristine Jewel N. Mongaya, Christine S. Monte, and Melody J. Narra.  aBuhi Camarines Sur : bCamarines Sur Polytechnic Colleges, c2025.  a108 leaves.  2rdacontentatext 2rdamediaaunmediated 2rdacarrieravolume aUndergraduate Thesis (BSOA)-Office Administration. cCamarines Sur Polytechnic Colleges, 2025.  aIncludes bibliographical references. 3 aThis research aims to "Evaluate Administrative Delivery of Service Through Customer Satisfaction Survey" which sought to answer the profile of the clients in terms of: age, sex, educational attainment, frequency of transaction, types of services availed and the types of clients. Also, the level of customer satisfaction with the administrative services delivery in terms of: responsiveness, reliability, courtesy and professionalism, timeliness, accessibility and transparency. Is there a significant difference in customer satisfaction levels when grouped according to profile. What are the common issues or concerns experience by clients in the delivery of administrative services in terms of: Responsiveness, Reliability, Courtesy and professionalism timeliness, Accessibility and Transparency. And lastly, what action plan can be proposed to improve the delivery of administrative services. We use the descriptive-correlational method to determine, analyze, and interpret the answers to the problem of the study. Our findings indicate that the profile of the clients of CSPC Buhi Campus varies in terms of age, sex, educational attainment, frequency of transactions, type of service availed, and type of client, that the clients of CSPC Buhi Campus show varying levels of satisfaction with administrative services delivery in terms of responsiveness, reliability, courtesy and professionalism, timeliness, accessibility, and transparency, that there are common issues and concerns encountered by clients in the delivery of administrative services that affect their satisfaction. Lastly, the action plan may be proposed to improve customer satisfaction and enhance the quality administrative service delivery at CSPC Buhi Campus. 1 aMongaya, Kristine Jewel N., eauthor. 1 aMonte. Christine S., eauthor. 1 aNarra, Melody J., eauthor. 1 aTañamor, Ma. Bernadette O., eadviser. 1 aLuzon, April Z., epanelist, chair. 1 aVillar, Mariber M., epanelist. 1 aAdriano, Rolando B., epanelist.